000 00762nam0a2200253 4500
001 RU\NLR\bibl\1782718
005 20250616135442.0
021 _aRU
_b2011-40210
_92858
035 _a(NLR Aleph) 001773461
090 _a1652440
_c1652440
100 _a20110624d2011 |||y0rusy50 ca
101 0 _arus
102 _aRU
105 _ay |||||||||
200 1 _aЗачетные требования
210 _aШахты
_cЮРГУЭС
_d2011
215 _d20
700 1 _aДейникина
_bН. А.
_4070
701 1 _aБережная
_bЕ. С.
_4070
801 0 _aRU
_bNLR
_c20110624
_gRCR
801 1 _aRU
_bNLR
_c20110624
942 _cBOOK
980 _aNB